MDQL
is popping MORE tags! Check the
thread
!
Quizzes
Events
Quiz Creation
Community
Videos
Private Events
Remove Ads
Sign In
Join for FREE
Feedback
Dark Mode
Quiz Categories
Sports
Geography
Music
Movies
Television
Just For Fun
Miscellaneous
History
Literature
Language
Science
Gaming
Entertainment
Religion
Holiday
For Kids
Quiz Lab
Recent
Popular Today
Quiz Kudos Today
Editor Picks
Curator Picks
Quizzes by...
Day
Popularity
Type
Ratings
Length
Year
Community
Subscriptions
Recent Discussions
Orange Saloon
Badges
Playlists
Quests
Create
Leaderboards
Showdown
Live 5
Trivia Bingo
Activity
Puzzle Library
Sporcle Events
Private Events
Virtual Trivia
Globe League
Become a Host
Pub Owners
SporcleCon
Opinionation
Our Games
Videos
Blog
Mobile Apps
Partnerships
Remove Ads and Go Orange
Feedback
Sports
Athletes
MLB
NBA
NHL
NFL
Soccer
Sports Teams
WWE
NCAA
Football
Premier League
Basketball
Baseball
Hockey
Golf
Tennis
Cricket
Rugby
Auto Racing
Olympics
World Cup
Sports
Athletes
MLB
NBA
NHL
NFL
Soccer
Sports Teams
WWE
NCAA
Football
Premier League
Basketball
Baseball
Hockey
Golf
Tennis
Cricket
Rugby
Auto Racing
Olympics
World Cup
Random Quiz
Search Sporcle
×
Quiz Lab
Quiz Lab
Sports
Hockey
Type in answers that appear in a list
Type in answers that appear in a list
Classic
Best Score? Go Orange.
Hockey News Best Players Ever Stats
Can you name the Hockey News Best Players Ever?
By
nayanookeesic
10m
30 Questions
224 Plays
224 Plays
224 Plays
Comments
Comments
Give Quiz Kudos
Give Quiz Kudos
-
- Ratings
hide this ad
More Info
Replay
Link that replays current quiz
Next Quiz
Link to next quiz in quiz playlist
You Got
0%
They Got
Avg Score
78%
Avg Friend Score
Upgrade to see
Score Distribution
Jump to the score distribution portion of the page
Score
0/30
Timer
10:00
0
Plays Today
Team
Player
% Correct
Edmonton Oilers
Wayne Gretzky
98.2%
Detroit Red Wings
Gordie Howe
91.5%
Boston Bruins
Bobby Orr
91.1%
Colorado Avalanche
Joe Sakic
91.1%
Pittsburgh Penguins
Mario Lemieux
91.1%
St. Louis Blues
Brett Hull
89.3%
Chicago Blackhawks
Bobby Hull
88.8%
Anaheim Ducks
Teemu Selanne
88.4%
Calgary Flames
Jarome Iginla
87.1%
New Jersey Devils
Martin Brodeur
87.1%
Montreal Canadiens
Maurice Richard
86.6%
Washington Capitals
Alexander Ovechkin
86.6%
Dallas Stars
Mike Modano
86.2%
Columbus Blue Jackets
Rick Nash
83.5%
San Jose Sharks
Joe Thornton
83%
Team
Player
% Correct
Vancouver Canucks
Henrik Sedin
81.7%
Ottawa Senators
Daniel Alfredsson
81.3%
Philadelphia Flyers
Bobby Clarke
81.3%
New York Rangers
Mark Messier
79%
Buffalo Sabres
Dominik Hasek
75.9%
Carolina Hurricanes
Ron Francis
72.3%
Los Angeles Kings
Marcel Dionne
72.3%
Tampa Bay Lightning
Martin St. Louis
70.5%
New York Islanders
Denis Potvin
70.1%
Minnesota Wild
Marian Gaborik
68.3%
Nashville Predators
Shea Weber
64.7%
Phoenix Coyotes
Dale Hawerchuk
62.5%
Winnipeg Jets
Ilya Kovalchuk
59.4%
Florida Panthers
Roberto Luongo
52.7%
Toronto Maple Leafs
Syl Apps
31.3%
Quiz Playlist
Details
Report
Send in Message
Add To Playlist
More Info:
The Hockey News recently updated who they think is the best player per franchise. This is THEIR choices..not mine
Classic:
Type in answers that appear in a list
Last Updated: Feb 16, 2017
Quiz Scoreboard
CHALLENGE
Sign Up to Join the Scoreboard
Show All
Scores
Hide
Comments
May contain spoilers
Recently Published
Street Fighter Characters
by Artimus82
Gaming
60s
9x9 Crossword: Cartoon Network
by jackfrog10
Miscellaneous
3m
College Basketball Coaching Resumes
by pancakes188
Sports
9m
More to Explore
Quiz From the Vault
Featured Blog Post
Where Did the Easter Bunny Come From?
hide this ad
You Might Also Like...
Tags
Hockey Quiz
Ever
Player
team
Today's Top Quizzes in Sports
Browse Sports
hide this ad
Today's Top Quizzes in Hockey
Browse Hockey
Top Contributed Quizzes in Sports
1
2022 World Cup Stars
2
Les meilleurs buteurs des matchs entre le PSG et l’OM
3
FIFA Club World Cup Champions
4
Les entraîneurs de l'OM et du PSG au 21e siècle
5
Criteria MLB: Left Handed Sluggers
6
2023 MLB Unique Player Accomplishments
7
AFC Teams Reveal (Wrong Answers Minefield)
8
5-to-1: FBS Animal Nicknames
9
Players with Multiple 50 Home Run Seasons
10
5-to-1: UK Sports Teams
Explore More
Trending Topics
Marvel
Kpop
Harry Potter
Crossword
NBA
Anime
Disney
Soccer
Country
The Office
Pokémon
WWE
Song
NFL
Puzzle
hide this ad
More By:
nayanookeesic
Quiz
Plays
Rating
Category
Featured
Created
NHL - 1st/2nd All Star Teams - Drafted lower 100th
853
5.00
Sports
Jul 10, 2013
50 Homerun Club
494
5.00
Sports
Sep 24, 2010
NHL.com's Ultimate Fantasy Team
489
4.58
Sports
Aug 22, 2011
Every European NHL Captain
467
5.00
Sports
Jan 25, 2012
Top 25 Non-Canadian born scorers in NHL
410
4.50
Sports
Aug 23, 2011
Go to Creator's Profile
Score Distribution
Quiz Creator Spotlight
nayanookeesic
Follow
Send a Message
Quizzes Created
-
Created Quiz Play Count
-
More By This Creator
Popular Quizzes Today
1
Find the US States - No Outlines Minefield
2
Find the Countries of Europe - No Outlines Minefield
3
The Countries of the World
4
Find the US States
5
Risky Map Clicking: Biggest States A-Z
6
US States
7
Popular People in 1961
8
Movies - When Are They Set?
More Sports Quizzes
Image Spelling: Sports
Editor's Pick
Trending Quizzes
Risky Map Clicking: Least Populous States A-Z
Countries of the World: 200 Million BC
1-10 Letter G Words
Risky Map Clicking: Next State Alphabetically
Adjectives in 80s TV Shows
Recently Updated
Leaping Animals
pecheneg
Reality TV Shows (A-Z)
bhenderson79
Rickey Henderson's Hall of Fame Teammates
pecheneg
Champions League XIs: Arsenal
pecheneg
Quick Pick: Celebrities in WWE's Hall of Fame
aduchscher
A-Z Keypad Blitz II
pecheneg
Multiple Oscar Actors
pecheneg
Mystery Phrase Blitz: Oscar 'Best Actors'
pecheneg
F. Scott Fitzgerald Novels
LTH
Pick 3 Villains
ddd62291
Trending Topics
Harry Potter
Crossword
NBA
Anime
Marvel
Disney
Kpop
Song
Pokémon
Puzzle
The Office
WWE
NFL
Country
Soccer
Your Account Isn't Verified!
In order to create a playlist on Sporcle, you need to verify the email address you used during registration. Go to your
Sporcle Settings
to finish the process.
Report this User
Report this user for behavior that violates our
Community Guidelines
.
Details:
Send Report
Go to the Sporcle.com Mobile Site →
Comments